000 01261nam a2200337 i 4500
003 EG-GICUC
005 20260121101525.0
008 251220s1998 iq ||||fr|||| 00| 0 ara d
017 _a1998/175
040 _a EG-GICUC
_bara
_c EG-GICUC
_d EG-GICUC
_erda
041 0 _aara
082 0 4 _221
_a343.643
_bأ ك . ع
092 0 4 _221
099 _aLaw1 10 343.643 أ ك . ع 2 ed - 1998
100 0 _aأكرم نشأت إبراهيم
_eمؤلف.
245 1 0 _aعلم الاجتماع الجنائي /
_cالدكتور أكرم نشأت إبراهيم.
250 _aالطبعة الثانية مزيدة ومنقحة
264 3 _aبغداد :
_bمطبعة النيزك،
_c1998.
300 _a144 ؛صفحة
_c24 سم.
_bإيضاحيات، صور، مثيليات ؛
336 _2rda content
_atext
337 _2rda media
_aComputer
338 _2rda carrier
_aOnline Resource
504 _a. 129-136 ببليوجرافيا: صفحات
546 _aالنص باللغة العربية
650 1 4 _aالبيئة الاجتماعية والجريمة
_2qrmak
650 1 4 _aالقانون الجنائي
_2qrmak
651 1 _2qrmak
856 4 0 _uhttps://fll.law.cu.edu.eg/fulltext/bks/B10-07208.pdf
905 _a77
942 _2ddc
_cBK
_e21
_n0
999 _c51775
_d51775